| 000 | 00522nam a22001457a 4500 | ||
|---|---|---|---|
| 003 | SGT | ||
| 082 |
_a617.6342 _bE23S |
||
| 100 | _aSingh, Lakshita | ||
| 245 |
_aEvaluation of pain and periapical healing of teeth with Apical Periodontics using CBCT in single vs multiple visit Endodontic treatment _bA Randomized Clinical trial |
||
| 260 |
_aGurugram, Haryana _bSGT University _c2023 |
||
| 300 | _a90 | ||
| 650 | _aConservative Dentistry & Endodontics | ||
| 653 | _aConservative Dentistry & Endodontics | ||
| 942 |
_2ddc _cTH |
||
| 999 |
_c23738 _d23738 |
||